[Event "Petroupoli-ch"]
[Site "Petropouli"]
[Date "2014.02.01"]
[Round "2"]
[White "Giannopoulos, Antonios"]
[Black "Mihalopoulos, Nikolaos"]
[Result "1-0"]
[WhiteElo "1840"]
[BlackElo "1398"]
[PlyCount "55"]
[EventDate "2014.01.25"]
[EventType "swiss"]
[EventRounds "7"]
[EventCountry "GRE"]
[SourceTitle "EXT 2015"]
[Source "ChessBase"]
[SourceDate "2014.11.20"]
[SourceVersion "1"]
[SourceVersionDate "2014.11.20"]
[SourceQuality "1"]

1. e4 d5 2. exd5 Qxd5 3. Nc3 Qd6 4. Nf3 Nc6 5. d4 Bg4 6. Be3 Rd8 7. Be2 Bxf3 8. Bxf3 g5 9. 0-0 a6 10. Ne4 Qb4 11. c3 Qxb2 12. Rb1 Qxa2 13. Rxb7 Qa5 14. Qb3 Rc8 15. Nc5 Nd8 16. Rb1 e6 17. Rb8 Rxb8 18. Qxb8 Bxc5 19. dxc5 Ne7 20. Rd1 c6 21. Bxg5 f5 22. h3 Kf7 23. Qa7 Re8 24. Rd7 Qa1+ 25. Kh2 Qxc3 26. Rxe7+ Rxe7 27. Qxe7+ Kg8 28. Bh6 1-0